<?xml version="1.0" encoding="UTF-8"?>
<record
    xmlns:xsi="http://www.w3.org/2001/XMLSchema-instance"
    xsi:schemaLocation="http://www.loc.gov/MARC21/slim http://www.loc.gov/standards/marcxml/schema/MARC21slim.xsd"
    xmlns="http://www.loc.gov/MARC21/slim">

  <leader>01340cam a2200373Ia 4500</leader>
  <controlfield tag="001">10275076</controlfield>
  <controlfield tag="003">ZSXCFVBGH</controlfield>
  <controlfield tag="005">20220326193255.0</controlfield>
  <controlfield tag="008">130102s2012    cr       b    000 0 spa d</controlfield>
  <datafield tag="020" ind1=" " ind2=" ">
    <subfield code="a">9968475106</subfield>
  </datafield>
  <datafield tag="020" ind1=" " ind2=" ">
    <subfield code="a">9789968475105</subfield>
  </datafield>
  <datafield tag="035" ind1=" " ind2=" ">
    <subfield code="a">(OCoLC)ocn823178334</subfield>
  </datafield>
  <datafield tag="035" ind1=" " ind2=" ">
    <subfield code="a">(OCoLC)823178334</subfield>
  </datafield>
  <datafield tag="035" ind1=" " ind2=" ">
    <subfield code="a">(NNC)10275076</subfield>
  </datafield>
  <datafield tag="040" ind1=" " ind2=" ">
    <subfield code="a">CRU</subfield>
    <subfield code="b">eng</subfield>
    <subfield code="c">CRU</subfield>
    <subfield code="d">CRU</subfield>
    <subfield code="d">OCLCO</subfield>
    <subfield code="d">IXA</subfield>
  </datafield>
  <datafield tag="043" ind1=" " ind2=" ">
    <subfield code="a">ncho---</subfield>
    <subfield code="a">cl-----</subfield>
  </datafield>
  <datafield tag="050" ind1=" " ind2="4">
    <subfield code="a">F1508.3</subfield>
    <subfield code="b">.G35 2012</subfield>
  </datafield>
  <datafield tag="082" ind1=" " ind2=" ">
    <subfield code="a">321.097.283</subfield>
    <subfield code="b">G168g</subfield>
  </datafield>
  <datafield tag="100" ind1="1" ind2=" ">
    <subfield code="a">Gallardo, Helio,</subfield>
    <subfield code="d">1942-</subfield>
    <subfield code="9">1013</subfield>
  </datafield>
  <datafield tag="245" ind1="1" ind2="0">
    <subfield code="a">Golpe de Estado y aparatos clericales :</subfield>
    <subfield code="b">Am&#xE9;rica Latina/Honduras /</subfield>
    <subfield code="c">Helio Gallardo.</subfield>
  </datafield>
  <datafield tag="250" ind1=" " ind2=" ">
    <subfield code="a">1. ed.</subfield>
  </datafield>
  <datafield tag="260" ind1=" " ind2=" ">
    <subfield code="a">[San Jos&#xE9;, Costa Rica] :</subfield>
    <subfield code="b">Editorial Arlek&#xED;n,</subfield>
    <subfield code="c">2012.</subfield>
  </datafield>
  <datafield tag="300" ind1=" " ind2=" ">
    <subfield code="a">168 p. ;</subfield>
    <subfield code="c">21 cm.</subfield>
    <subfield code="b">ill</subfield>
  </datafield>
  <datafield tag="504" ind1=" " ind2=" ">
    <subfield code="a">Includes bibliographical references (p. 168).</subfield>
  </datafield>
  <datafield tag="650" ind1=" " ind2="0">
    <subfield code="a">Coups d'&#xE9;tat</subfield>
    <subfield code="z">Honduras</subfield>
    <subfield code="x">History</subfield>
    <subfield code="y">20th century.</subfield>
    <subfield code="9">1014</subfield>
  </datafield>
  <datafield tag="650" ind1=" " ind2="0">
    <subfield code="a">politica</subfield>
    <subfield code="z">Honduras</subfield>
    <subfield code="x">Golpe de Estado</subfield>
    <subfield code="x">Lucha Social</subfield>
    <subfield code="x">conflicto armado</subfield>
    <subfield code="x">clero</subfield>
    <subfield code="9">1015</subfield>
  </datafield>
  <datafield tag="650" ind1=" " ind2="0">
    <subfield code="a">Church and state</subfield>
    <subfield code="z">Honduras.</subfield>
    <subfield code="9">1016</subfield>
  </datafield>
  <datafield tag="651" ind1=" " ind2="0">
    <subfield code="a">Honduras</subfield>
    <subfield code="x">History</subfield>
    <subfield code="y">Coup d'&#xE9;tat, 2009.</subfield>
    <subfield code="9">1017</subfield>
  </datafield>
  <datafield tag="651" ind1=" " ind2="0">
    <subfield code="a">Honduras</subfield>
    <subfield code="x">Politics and government</subfield>
    <subfield code="y">1982-</subfield>
    <subfield code="9">1018</subfield>
  </datafield>
  <datafield tag="651" ind1=" " ind2="0">
    <subfield code="a">Honduras</subfield>
    <subfield code="x">Relations</subfield>
    <subfield code="z">Latin America.</subfield>
    <subfield code="9">1019</subfield>
  </datafield>
  <datafield tag="651" ind1=" " ind2="0">
    <subfield code="a">Latin America</subfield>
    <subfield code="x">Relations</subfield>
    <subfield code="z">Honduras.</subfield>
    <subfield code="9">1020</subfield>
  </datafield>
  <datafield tag="948" ind1="1" ind2=" ">
    <subfield code="a">20130508</subfield>
    <subfield code="b">c</subfield>
    <subfield code="c">sds12</subfield>
    <subfield code="d">MPS</subfield>
  </datafield>
  <datafield tag="999" ind1=" " ind2=" ">
    <subfield code="c">219</subfield>
    <subfield code="d">219</subfield>
  </datafield>
  <datafield tag="952" ind1=" " ind2=" ">
    <subfield code="0">0</subfield>
    <subfield code="1">0</subfield>
    <subfield code="2">ddc</subfield>
    <subfield code="4">0</subfield>
    <subfield code="7">0</subfield>
    <subfield code="a">LV</subfield>
    <subfield code="b">LV</subfield>
    <subfield code="c">Pensamiento</subfield>
    <subfield code="d">2014-06-13</subfield>
    <subfield code="l">0</subfield>
    <subfield code="o">321.097.283 G168g</subfield>
    <subfield code="p">000209</subfield>
    <subfield code="r">2014-06-13 00:00:00</subfield>
    <subfield code="w">2014-06-13</subfield>
    <subfield code="y">01</subfield>
  </datafield>
</record>
